00574nam a2200181Ia 4500003000900000008004100009040001600050080002500066245009500091260003300186300001300219650002800232650004100260650002500301650001600326700002200342700002800364IN-BaIIA211028s9999 xx 000 0 eng d cIIA Library a047.1:535.33bDEV-7B 0aDevelopments in applied spectroscopybvol. 7Bcedited by E. L. Grove and Alfred J. Perkins aNew YorkbPlenum Pressc1970 ax, 291p. aAbsorption spectroscopy aAstronomy and astrophysics Thesaurus aOptical spectroscopy aSpectrocopy aGrove, E. L., ed. aPerkins, Alfred J., ed.